000 00664nam a2200205 i 4500
001 188864
003 SpMaBN
005 20251015063158.0
008 190219s2008 sp |||| | spa d
020 _a978-84-936787-1-5
080 _a821.133.1-31"18"
100 1 _aCharruau, Jean,
_d1851-1915
_9166377
245 1 4 _aUna familia de bandidos en 1793
_b: relato de una abuela /
_cJuan Charruau ; [traducción, Ricardo Rochel].
250 _a1ª ed.
260 _aLarraya, Navarra :
_bGaudete,
_c2008.
300 _a298 p. ;
_c21 cm.
852 _aES-MaACL
_jA-14368
_9195998
_bR.151563
_cDEPO1
_dOlim: N-7368
942 _2udc
999 _c188864
_d188864